Novo código civil : (Record no. 335)

MARC details
000 -LÍDER
Campo Fixo de Controle 00838cam a2200253 a 4500
001 - NÚMERO DE CONTROLE
Campo de Controle 335
003 - IDENTIFICAÇÃO DO NÚMERO DE CONTROLE
Campo de Controle BR-CuiBMT
005 - DATA E HORA DA ÚLTIMA ATUALIZAÇÃO
Campo de Controle 20231121210213.0
008 - DADOS FIXOS
Dados Fixos 231031b2008 dfb 000 0 por d
020 ## - INTERNATIONAL STANDARD BOOK NUMBER
Nº do ISBN 8570182155
040 ## - AGÊNCIA CATALOGADORA
Código da Agência Catalogadora BR-CuiBMT
Agência que transcreveu o registro BR-CuiBMT
080 ## - Nº DA CLASSIFICAÇÃO DECIMAL UNIVERSAL
Nº edição CDU 2007
Nº Class. CDU 347
Subd. Auxiliar Comum (81)
-- (094.5)
090 ## - NÚMERO DE CHAMADA
Nº classificação 347(81)(094.5)
Cutter N945
Ano/Edição 2. ed.
110 1# - ENTRADA PRINCIPAL -- ENTIDADE
Nome da entidade ou lugar Brasil
240 10 - TÍTULO UNIFORME/ORIGINAL
Título original Código civil (2002)
245 10 - TÍTULO PRINCIPAL
Título principal Novo código civil :
Subtítulo exposição de motivos e textos sancionado /
Indicação de responsabilidade Senado Federal, Secretaria especial de editoração e publicações, Subsecretaria de edições técnicas.
250 ## - EDIÇÃO
Edição 2. ed., atual.
260 ## - PUBLICAÇÃO, DISTRIBUIÇÃO, ETC.
Local de publicação Brasília :
Editora Senado Federal,
Data 2008.
300 ## - DESCRIÇÃO FÍSICA
N. páginas ou volumes 340 p. ;
Dimensões 22 cm
504 ## - NOTA DE BIBLIOGRAFIA, ETC.
Nota de bibliografia Inclui bibliografia.
650 ## - ASSUNTO TÓPICO
Cabeçalho tópico ou nome geográfico Direito civil
Subdivisão de forma Legislação
Subdivisão geográfica Brasil
650 ## - ASSUNTO TÓPICO
Cabeçalho tópico ou nome geográfico Código civil
Subdivisão cronológica Brasil
942 ## - ELEMENTOS DE ENTRADA ADICIONAIS (KOHA)
Fonte de classificação ou esquema de arquivamento Classificação Decimal Universal
Tipo de item do Koha Livros
Holdings
Estado: removido Estado: perdido Fonte de classificação ou esquema de arquivamento Estado: danificado Indisponível para empréstimo Localização permanente Localização atual Data de aquisição Total Checkouts Número de Chamada completo Código de barras Date last seen Número do exemplar Preço efetivo a partir de Tipo de item (Koha)
    Classificação Decimal Universal     Biblioteca da Escola Superior de Contas do TCE/MT Biblioteca da Escola Superior de Contas do TCE/MT 31/10/2023   347(81)(094.5) N945 2. ed. BIBTCEMT23100055 31/10/2023 Ex. 1 31/10/2023 Livros
    Classificação Decimal Universal     Biblioteca da Escola Superior de Contas do TCE/MT Biblioteca da Escola Superior de Contas do TCE/MT 31/10/2023   347(81)(094.5) N945 2. ed. BIBTCEMT23100056 31/10/2023 Ex. 2 31/10/2023 Livros
    Classificação Decimal Universal     Biblioteca da Escola Superior de Contas do TCE/MT Biblioteca da Escola Superior de Contas do TCE/MT 31/10/2023   347(81)(094.5) N945 2. ed. BIBTCEMT23100057 31/10/2023 Ex. 3 31/10/2023 Livros
    Classificação Decimal Universal     Biblioteca da Escola Superior de Contas do TCE/MT Biblioteca da Escola Superior de Contas do TCE/MT 31/10/2023   347(81)(094.5) N945 2. ed. BIBTCEMT23100058 31/10/2023 Ex. 4 31/10/2023 Livros

Powered by Koha